<?xml version="1.0" encoding="UTF-8"?><?xml-stylesheet type="text/xsl" href="static/style.xsl"?><OAI-PMH xmlns="http://www.openarchives.org/OAI/2.0/" xmlns:xsi="http://www.w3.org/2001/XMLSchema-instance" xsi:schemaLocation="http://www.openarchives.org/OAI/2.0/ http://www.openarchives.org/OAI/2.0/OAI-PMH.xsd"><responseDate>2026-04-14T03:08:12Z</responseDate><request verb="GetRecord" identifier="oai:www.recercat.cat:10256/25891" metadataPrefix="marc">https://recercat.cat/oai/request</request><GetRecord><record><header><identifier>oai:recercat.cat:10256/25891</identifier><datestamp>2024-12-20T06:39:51Z</datestamp><setSpec>com_2072_452955</setSpec><setSpec>com_2072_2054</setSpec><setSpec>col_2072_453035</setSpec></header><metadata><record xmlns="http://www.loc.gov/MARC21/slim" xmlns:dcterms="http://purl.org/dc/terms/" xmlns:xsi="http://www.w3.org/2001/XMLSchema-instance" xmlns:doc="http://www.lyncode.com/xoai" xsi:schemaLocation="http://www.loc.gov/MARC21/slim http://www.loc.gov/standards/marcxml/schema/MARC21slim.xsd">
   <leader>00925njm 22002777a 4500</leader>
   <datafield ind2=" " ind1=" " tag="042">
      <subfield code="a">dc</subfield>
   </datafield>
   <datafield ind2=" " ind1=" " tag="720">
      <subfield code="a">Carreras Pijuan, Marc</subfield>
      <subfield code="e">author</subfield>
   </datafield>
   <datafield ind2=" " ind1=" " tag="720">
      <subfield code="a">Inoriza, José María</subfield>
      <subfield code="e">author</subfield>
   </datafield>
   <datafield ind2=" " ind1=" " tag="720">
      <subfield code="a">Ibern, Pere</subfield>
      <subfield code="e">author</subfield>
   </datafield>
   <datafield ind2=" " ind1=" " tag="260">
      <subfield code="c">2024-05-21</subfield>
   </datafield>
   <datafield ind2=" " ind1=" " tag="520">
      <subfield code="a">The progressive incorporation of quality of life indicators in health planning meets a critical need: The evaluation of the performance of health services, which are under stress by multiple causes, but in particular by an ageing population. In general, national health plans rely on health expectancies obtained using the Sullivan method. The Sullivan health expectancy index combines age-specific mortality rates and age-specific prevalence of healthy life, obtained from health surveys. The objective of this work is to investigate an equivalent estimation, using available information from morbidity and mortality datasets. Mortality and morbidity information, corresponding to years 2016 and 2017, was obtained for the population of the county of Baix Empordà (Catalonia), N = 91,130. Anonymized individual information on diagnoses, procedures and pharmacy consumption contained in the individual clinical record (ICD and ATC codes), were classified into health states. Based on the observed health transitions and mortality, life expectancies by health state were obtained from a multistate microsimulation model. Healthy life expectancies at birth and 65 years for females and males were respectively HLE0female = 39.94, HLE0male = 42.87, HLE65female = 2.43, HLE65male = 2.17. These results differed considerably from the Sullivan equivalents, e.g., 8.25 years less for HLE65female, 9.26 less for HLE65male. Point estimates for global life expectancies at birth and 65 years of age: LE0female = 85.82, LE0male = 80.58, LE65female = 22.31, LE65male = 18.86. Health indicators can be efficiently obtained from multistate models based on mortality and morbidity information, without the use of health surveys. This alternative method could be used for monitoring populations in the context of health planning. Life Expectancy results were consistent with the standard government reports. Due to the different approximation to the concept of health (data-based versus self-perception), healthy life expectancies obtained from multistate micro simulation are consistently lower than those calculated with the standard Sullivan method</subfield>
   </datafield>
   <datafield ind1="8" ind2=" " tag="024">
      <subfield code="a">http://hdl.handle.net/10256/25891</subfield>
   </datafield>
   <datafield tag="653" ind2=" " ind1=" ">
      <subfield code="a">Qualitat de vida</subfield>
   </datafield>
   <datafield tag="653" ind2=" " ind1=" ">
      <subfield code="a">Indicadors de salut</subfield>
   </datafield>
   <datafield tag="653" ind2=" " ind1=" ">
      <subfield code="a">Quality of life</subfield>
   </datafield>
   <datafield tag="653" ind2=" " ind1=" ">
      <subfield code="a">Health status indicators</subfield>
   </datafield>
   <datafield tag="653" ind2=" " ind1=" ">
      <subfield code="a">Salut pública -- Planificació</subfield>
   </datafield>
   <datafield tag="653" ind2=" " ind1=" ">
      <subfield code="a">Health planning</subfield>
   </datafield>
   <datafield ind2="0" ind1="0" tag="245">
      <subfield code="a">Measuring population health using health expectancy estimates from morbidity and mortality databases</subfield>
   </datafield>
</record></metadata></record></GetRecord></OAI-PMH>